Los Cuatro medios de comunicación son tres: cine y TV /
Guardado en:
| Autor principal: | |
|---|---|
| Formato: | Texto |
| Etiquetas: |
Agregar Etiqueta
Sin Etiquetas, Sea el primero en etiquetar este registro!
|
MARC
| LEADER | 00000 a a2200000 04500 | ||
|---|---|---|---|
| 001 | 2627 | ||
| 003 | |||
| 040 | |||
| 100 | |a García Espinoza, Julio | ||
| 245 | |a Los Cuatro medios de comunicación son tres: |b cine y TV / |c Julio García Espinoza | ||
| 773 | |g número 100; páginas 19-32 | ||
| 999 | |c 32547 |d 32547 | ||
